000 00730cab a2200217 4500
001 X3613
008 090401t1996 xxu||||| |||| 00| 0 eng d
035 _a(Sirsi) u31515
041 _aeng
245 _aLionheart
260 _c1996
350 _a0
490 _aCSM (Chartered Surveyor Monthly)
_v5(8) May 1996, 61(1)
520 _aThe RICS Benevolent Fund will be known as Lionheart from 1 May 1996, it is a charity for RICS members and their dependants in need.
650 _aCHARITIES
650 _aABOUT RICS-RELATED ORGANISATIONS-LIONHEART
650 _aABOUT RICS-RELATED ORGANISATIONS-RICS BENEVOLENT FUND
690 _aMANAGEMENT-BUSINESS MANAGEMENT-PROFESSIONAL PRACTICE
942 _n0
948 _c04/03/1997
999 _c21160
_d21160